000 00461nam a2200169Ia 4500
008 240729s9999 xx 000 0 und d
022 _a1305-3124
245 0 _aPerinatal Journal
260 _aTürkiye
260 _bPerinatal Medicine Foundation
650 _a Gynecology and obstetrics
650 _a Pediatrics | Medicine
650 _aMedicine
856 _uhttps://doaj.org/toc/7bc3dbf2d4984015a01f6dec571ddc8f
942 _2ddc
942 _cDOAJEJ
999 _c70460
_d70460
945 _a1
_bMadushi Gamage
_c1
_dMadushi Gamage